000 002720000a22000970004500
100 1 _aReis, Pamela Tamarkin
245 1 0 _aVindicating God : Another look at 1 Kings 13
300 _aVol. 44, Num. 3 (Julio, 1994), Páginas 376-386
773 0 _tVetus Testamentum
942 _cANA
999 _c57960
_d57960